000 00743nam a2200241Ia 4500
001 9750
003 GE_BSU
008 181216s||||||||xx |||||||||||||| ||und||
040 _cGE_BSU
080 _a821.353.1-1
100 _aნიშნიანიძე,შოთა
245 _aმწვანე წელიწადი
245 _bლექსები
245 _cრედ:ი.ორჯონიკიძე;მხატვ:ს.ცინცაძე
260 _aთბილისი.
260 _bმერანი.
260 _c1975
300 _a230გვ;20სმ.
300 _b1ფ.პორტრ.
653 _aლექსები
653 _aმწვანე წელიწადი
942 _cBK
999 _c43030
_d43030